000 01088 a2200193 4500
003 Nust
005 20221229090347.0
010 _a67085758
040 _cNust
082 _a355.02,FUR
100 _aFurneaux, Rupert
_948725
245 _aAbdel Krim:
_bEmir of the Rif /
_cRupert Furneaux,
260 _aSecker & Warburg
_bLondon
_c1967
300 _a253, p;
_b8 plates (incl. ports.),
_cmaps. 22 1/2 cm
505 _aKama (Page-11) The Knives are Sharpened (Page-14) The Brigand of The Jibala (Page-32) The Judge of Ajdir (Page-42) The Spaniards Invade (Page-54) The Rout of Spain (Page-67) The Rifian State (Page-76) A Special Correspondent Reports (page-97), Retreat in the East (Page-112), Rout in the West (Page-124), Americans in the Rif (Page-137), A Matter of Honour (Page-147), Explosion on the Wergha (Page-167), The Two Marshals (Page-185), The Landing at Alhucemas (Page-201) Autonomy or Independence (Page-214), The End of Our Revolution (Page-228).
600 _aFurneaux, Rupert
_948725
650 _aAbdel Krim: Emir of the Rif
_9106305
942 _2ddc
_cBK
_k355.02,FUR
999 _c185552
_d185552